| 000 | 00385nam a2200157 4500 | ||
|---|---|---|---|
| 005 | 20260505113623.0 | ||
| 008 | 260505b |||||||| |||| 00| 0 eng d | ||
| 020 | _a9780748645527 | ||
| 082 |
_a428.0071 _bFAR-P |
||
| 100 | _aFarr Fiona | ||
| 245 | _aPractice In Tesol | ||
| 260 |
_aEdinburgh _bEdinburgh University Press |
||
| 300 | _a210p | ||
| 650 | _aEducation | ||
| 942 | _cBK | ||
| 999 |
_c47514 _d47514 |
||